000 01089nam a2200217Ia 4500
003 Ost
005 20260507075607.0
008 260507s9999||||xx |||||||||||||| ||und||
020 _a9789773314750
040 _cfsecg
041 _aara
082 _a350
100 _aمنير، محمد
_eمؤلف
245 0 _aالإدارة الإستراتيجية :
_bتحليل البيئة الداخلية والخارجية - استراتيجيات الأعمال أسرار التفوق في عالم تنافسي /
_c محمد منير
260 _aالإسكندرية:
_bدار التعليم الجامعي,
_c2020
300 _a362 صفحة؛
_bإيضاحات ؛
_c24 سم
504 _aببليوغرافيا ص.362
520 _aتناول هذا الكتاب موضوع الإدارة الاستراتيجية و تحليل البيئة الداخلية والخارجية للشركة، بالاضافة الى استراتيجيات الأعمال وأسرار التفوق في عالم تنافسي.
653 _aالإدارة الإستراتيجية
942 _cكتاب
999 _c45048
_d45048